<?xml version="1.0" encoding="UTF-8"?><?xml-stylesheet type="text/xsl" href="static/style.xsl"?><OAI-PMH xmlns="http://www.openarchives.org/OAI/2.0/" xmlns:xsi="http://www.w3.org/2001/XMLSchema-instance" xsi:schemaLocation="http://www.openarchives.org/OAI/2.0/ http://www.openarchives.org/OAI/2.0/OAI-PMH.xsd"><responseDate>2026-04-17T07:56:46Z</responseDate><request verb="GetRecord" identifier="oai:www.recercat.cat:10459.1/60304" metadataPrefix="marc">https://recercat.cat/oai/request</request><GetRecord><record><header><identifier>oai:recercat.cat:10459.1/60304</identifier><datestamp>2024-12-05T22:32:03Z</datestamp><setSpec>com_2072_3622</setSpec><setSpec>col_2072_479130</setSpec></header><metadata><record xmlns="http://www.loc.gov/MARC21/slim" xmlns:dcterms="http://purl.org/dc/terms/" xmlns:xsi="http://www.w3.org/2001/XMLSchema-instance" xmlns:doc="http://www.lyncode.com/xoai" xsi:schemaLocation="http://www.loc.gov/MARC21/slim http://www.loc.gov/standards/marcxml/schema/MARC21slim.xsd">
   <leader>00925njm 22002777a 4500</leader>
   <datafield ind2=" " ind1=" " tag="042">
      <subfield code="a">dc</subfield>
   </datafield>
   <datafield ind2=" " ind1=" " tag="720">
      <subfield code="a">Nieto Ferrando, Jorge</subfield>
      <subfield code="e">author</subfield>
   </datafield>
   <datafield ind2=" " ind1=" " tag="260">
      <subfield code="c">2017-10-17T09:44:53Z</subfield>
   </datafield>
   <datafield ind2=" " ind1=" " tag="260">
      <subfield code="c">2017-10-17T09:44:53Z</subfield>
   </datafield>
   <datafield ind2=" " ind1=" " tag="260">
      <subfield code="c">2016</subfield>
   </datafield>
   <datafield ind2=" " ind1=" " tag="520">
      <subfield code="a">Las revistas cinematográficas han sido durante mucho tiempo el principal medio a través del cual han llegado a los públicos las estrellas de cine. Buena parte de los estudios sobre las estrellas están sustentados en su utilización como fuente junto a las películas, pero en pocas ocasiones son las propias publicaciones las que centran la investigación. A través del análisis de los contenidos de la revista Cine en 7 Días este artículo reflexiona sobre la prensa cinematográfica como vehículo de transmisión de los textos publicitarios, informativos o literarios que alimentan el culto a las estrellas.</subfield>
   </datafield>
   <datafield ind2=" " ind1=" " tag="520">
      <subfield code="a">For a long time motion picture magazines have been the main medium through which film stars have been made accessible to the general public. A great part of the studies about these stars use these magazines as the main source for information, together with the movies, but only on a few occasions are the publications themselves the focus of research. Through the analysis of the contents of the magazine Cine en 7 Días, this article reflects on the motion picture press as a vehicle to transmit advertising, informative or literary texts that feed the star cult.</subfield>
   </datafield>
   <datafield ind1="8" ind2=" " tag="024">
      <subfield code="a">http://hdl.handle.net/10459.1/60304</subfield>
   </datafield>
   <datafield tag="653" ind2=" " ind1=" ">
      <subfield code="a">Prensa cinematográfica</subfield>
   </datafield>
   <datafield tag="653" ind2=" " ind1=" ">
      <subfield code="a">Estrellas de cine</subfield>
   </datafield>
   <datafield tag="653" ind2=" " ind1=" ">
      <subfield code="a">Cardinale, Claudia</subfield>
   </datafield>
   <datafield tag="653" ind2=" " ind1=" ">
      <subfield code="a">Taylor, Elisabeth</subfield>
   </datafield>
   <datafield ind2="0" ind1="0" tag="245">
      <subfield code="a">La revista Cine en 7 Días (1961-1973) y la crisis del star-system. Imágenes, personajes e historias de las estrellas en la prensa cinematográfica</subfield>
   </datafield>
   <datafield ind2="0" ind1="0" tag="245">
      <subfield code="a">The magazine Cine en 7 Días (1961-1973) and the star system crisis. Images, characters and stories of movie stars</subfield>
   </datafield>
</record></metadata></record></GetRecord></OAI-PMH>